| 000 | 01613nam a2200397Ii 4500 | ||
|---|---|---|---|
| 001 | DIGLOM01119 | ||
| 003 | NyNyDIG | ||
| 006 | m o d | ||
| 007 | cr ||||||||||| | ||
| 008 | 230410s2021 cl ob 000 0 spa d | ||
| 035 | _a(OCoLC)1377520817 | ||
| 040 |
_aDGITA _beng _erda _epn _cDGITA |
||
| 020 | _z9789560013873 | ||
| 050 | 1 | 4 | _aPT2603.E455 ebook |
| 245 | 0 | 0 |
_aEsperanza, pero no para nosotros : _bcapitalismo, técnica y estética en Walter Benjamin / _cHorst Nitschack y Miguel Vatter (editores). |
| 264 | 1 |
_aSantiago, [Chile] : _bLOM Ediciones, _c[2021] |
|
| 300 | _a1 online resource. | ||
| 336 |
_atext _btxt _2rdacontent |
||
| 337 |
_acomputer _bc _2rdamedia |
||
| 338 |
_aonline resource _bcr _2rdacarrier |
||
| 347 |
_atext file _2rdaft |
||
| 347 | _bPDF | ||
| 490 | 1 | _aCiencias sociales y humanas. Filosofía política | |
| 504 | _aIncludes bibliographical references. | ||
| 588 | 0 | _aOnline resource; title from PDF title page (Digitalia, viewed April 10, 2023) | |
| 600 | 1 | 0 |
_aBenjamin, Walter, _d1892-1940 _xCriticism and interpretation. |
| 700 | 1 |
_aNitschack, Horst, _eeditor. |
|
| 700 | 1 |
_aVatter, Miguel, _eeditor. |
|
| 791 | 2 |
_aDigitalia (Firm), _edistributor. |
|
| 793 | 0 |
_gDigitalia eBook Collection: _aLOM Ediciones |
|
| 776 | 0 | 8 |
_iPrint version: _tEsperanza, pero no para nosotros. _bPrimera edición. _dSantiago, [Chile] : LOM Ediciones, [2021] _z9789560013873 |
| 830 | 0 |
_aCiencias sociales y humanas. _pFilosofía política. |
|
| 856 | 4 | 0 |
_3Digitalia Hispánica _uhttps://www.digitaliapublishing.com/a/125796/ |
| 910 | _aPremium collection: 2023 | ||
| 942 | _cRAA | ||
| 999 |
_c277641 _d277641 |
||